000
00316nam a2200145Ia 4500
100
_a
Davis/G.B/ Hoffmann/T.R
942
_c
BK
654
_a
Fortran
245
_a
Fortran 77: A Structured
260
_b
McGraw Hill
_a
Auckland
_c
1983
082
_a
1.6
_b
Dav/Hof
300
_a
400
546
_a
ENGLISH
999
_c
27699
_d
27699